[Event "Moscow Petrosian Memorial"]
[Site "Moscow"]
[Date "2014.07.01"]
[Round "7"]
[White "Kukhmazov, Arsen"]
[Black "Arustamian, Artur"]
[Result "1-0"]
[WhiteElo "2271"]
[BlackElo "2363"]
[PlyCount "57"]
[EventDate "2014.06.28"]
[EventType "tourn"]
[EventRounds "9"]
[EventCountry "RUS"]
[EventCategory "2"]
[SourceTitle "CBM 161 Extra"]
[Source "ChessBase"]
[SourceDate "2014.08.29"]
[SourceVersion "1"]
[SourceVersionDate "2014.08.29"]
[SourceQuality "1"]

1. d4 Nf6 2. c4 e6 3. Nf3 d5 4. Nc3 dxc4 5. e4 Bb4 6. Bg5 c5 7. Bxc4 cxd4 8. Nxd4 Qa5 9. Bxf6 gxf6 10. 0-0 a6 11. Rc1 Bd7 12. Qf3 Qe5 13. Rfd1 0-0 14. a3 Be7 15. Qh3 Rd8 16. Nf3 Qa5 17. Bd3 Nc6 18. e5 f5 19. Ne4 Nxe5 20. Nfg5 Bxg5 21. Nxg5 Be8 22. Qxh7+ Kf8 23. b4 Qxa3 24. Rc7 Rd7 25. Qh8+ Ke7 26. Qxe5 Rxc7 27. Qxc7+ Kf6 28. Nf3 Qxb4 29. Qe5+ 1-0

[Event "Moscow VAO IM 04"]
[Site "Moscow"]
[Date "2014.04.??"]
[Round "11"]
[White "Glek, Igor Vladimirovich"]
[Black "Arustamian, Artur"]
[Result "1/2-1/2"]
[WhiteElo "2460"]
[BlackElo "2368"]
[PlyCount "21"]
[EventDate "2014.04.16"]
[EventType "tourn"]
[EventRounds "13"]
[EventCountry "RUS"]
[SourceTitle "EXT 2015"]
[Source "ChessBase"]
[SourceDate "2014.11.20"]
[SourceVersion "1"]
[SourceVersionDate "2014.11.20"]
[SourceQuality "1"]

1. d4 d5 2. c4 c6 3. Nf3 Nf6 4. Nc3 e6 5. cxd5 exd5 6. Bg5 Be7 7. Qc2 0-0 8. e3 Nbd7 9. Bd3 Re8 10. 0-0 Nf8 11. h3 1/2-1/2

[Event "Moscow IM 09"]
[Site "Moscow"]
[Date "2013.09.14"]
[Round "3"]
[White "Arustamian, Artur"]
[Black "Pasalic, Harun"]
[Result "1/2-1/2"]
[WhiteElo "2386"]
[BlackElo "2212"]
[PlyCount "32"]
[EventDate "2013.09.11"]
[EventType "tourn"]
[EventRounds "9"]
[EventCountry "RUS"]
[EventCategory "2"]
[SourceTitle "EXT 2014"]
[Source "ChessBase"]
[SourceDate "2013.11.20"]
[SourceVersion "1"]
[SourceVersionDate "2013.11.20"]
[SourceQuality "1"]

1. d4 Nf6 2. Nf3 g6 3. c4 Bg7 4. Nc3 d6 5. e4 0-0 6. Be2 e5 7. dxe5 dxe5 8. Qxd8 Rxd8 9. Bg5 Rf8 10. Nd5 Nxd5 11. cxd5 c6 12. Bc4 b5 13. Bb3 Bb7 14. Rc1 a5 15. a3 a4 16. Ba2 Rc8 1/2-1/2

[Event "Moscow Philidor Memorial"]
[Site "Moscow"]
[Date "2013.08.16"]
[Round "3"]
[White "Rozanov, Pavel B"]
[Black "Arustamian, Artur"]
[Result "1/2-1/2"]
[WhiteElo "2304"]
[BlackElo "2386"]
[PlyCount "29"]
[EventDate "2013.08.13"]
[EventType "tourn"]
[EventRounds "9"]
[EventCountry "RUS"]
[EventCategory "2"]
[SourceTitle "CBM 156 Extra"]
[Source "ChessBase"]
[SourceDate "2013.10.22"]
[SourceVersion "1"]
[SourceVersionDate "2013.10.22"]
[SourceQuality "1"]

1. c4 c6 2. d4 d5 3. Nf3 Nf6 4. Nc3 e6 5. Bg5 Nbd7 6. cxd5 exd5 7. e3 Be7 8. Bd3 0-0 9. Qc2 Re8 10. h3 Nf8 11. Bf4 Bd6 12. Bxd6 Qxd6 13. 0-0-0 a5 14. Kb1 b6 15. Ne5 1/2-1/2

[Event "Moscow Philidor Memorial"]
[Site "Moscow"]
[Date "2013.08.13"]
[Round "1"]
[White "Afanasiev, Nikita"]
[Black "Arustamian, Artur"]
[Result "0-1"]
[WhiteElo "2282"]
[BlackElo "2386"]
[PlyCount "84"]
[EventDate "2013.08.13"]
[EventType "tourn"]
[EventRounds "9"]
[EventCountry "RUS"]
[EventCategory "2"]
[SourceTitle "CBM 156 Extra"]
[Source "ChessBase"]
[SourceDate "2013.10.22"]
[SourceVersion "1"]
[SourceVersionDate "2013.10.22"]
[SourceQuality "1"]

1. Nf3 d5 2. g3 Nf6 3. Bg2 c6 4. d3 Bf5 5. h3 h6 6. 0-0 Nbd7 7. Nbd2 e6 8. e3 Bh7 9. Qe2 Bc5 10. e4 dxe4 11. dxe4 e5 12. a4 a5 13. Ne1 0-0 14. Nd3 Bd4 15. Nc4 b5 16. Nd6 Qc7 17. Nf5 Bb6 18. Kh2 Rfe8 19. Qf3 Re6 20. Re1 Nc5 21. Nxc5 Bxc5 22. Bf1 Qb6 23. Kg2 Bxf5 24. exf5 e4 25. Qb3 Re5 26. axb5 Rxf5 27. Be3 cxb5 28. Bc4 Rf8 29. g4 Bxe3 30. gxf5 Bxf2 31. Qxb5 Qxb5 32. Bxb5 Bxe1 33. Rxe1 Rd8 34. Re2 Rd5 35. c4 Rxf5 36. b3 Rf3 37. Ba4 Kf8 38. c5 Rc3 39. c6 Ke7 40. Rd2 g5 41. Bb5 Rc5 42. Ba4 Nd5 0-1

[Event "Moscow Victory Day-C"]
[Site "Moscow"]
[Date "2011.05.23"]
[Round "12"]
[White "Arustamian, Artur"]
[Black "Paravyan, David"]
[Result "1-0"]
[WhiteElo "2426"]
[BlackElo "2151"]
[PlyCount "105"]
[EventDate "2011.05.10"]
[EventType "tourn"]
[EventRounds "13"]
[EventCountry "RUS"]
[EventCategory "2"]
[SourceTitle "EXT 2012"]
[Source "ChessBase"]
[SourceDate "2011.11.24"]
[SourceVersion "1"]
[SourceVersionDate "2011.11.24"]
[SourceQuality "1"]

1. e4 e5 2. Nf3 Nc6 3. Bc4 Nf6 4. d3 h6 5. h3 d6 6. Nc3 g6 7. Be3 Bg7 8. Qd2 Be6 9. Bxe6 fxe6 10. d4 exd4 11. Nxd4 Nxd4 12. Bxd4 e5 13. Be3 Qd7 14. Nd5 Nxd5 15. Qxd5 c6 16. Qd3 0-0 17. 0-0 d5 18. exd5 cxd5 19. Qxg6 Rf6 20. Qg4 Qxg4 21. hxg4 d4 22. Bd2 e4 23. c3 Rg6 24. cxd4 Bxd4 25. Rae1 Rxg4 26. Bxh6 Bxb2 27. Rb1 Be5 28. Be3 b6 29. Rb4 Rf8 30. Rd1 Rf7 31. Rd5 Bf6 32. f3 Rh4 33. Bf2 Be7 34. Rc4 Rhf4 35. Bg3 Bc5+ 36. Rdxc5 bxc5 37. Bxf4 Rxf4 38. Rxe4 Rf5 39. Kf2 Kf7 40. Ke3 Rd5 41. f4 Rd1 42. Rc4 Ra1 43. Rxc5 Rxa2 44. g4 Ke6 45. Re5+ Kf6 46. g5+ Kg6 47. Re6+ Kf7 48. f5 Rg2 49. g6+ Kg7 50. Ra6 Kh6 51. Rxa7 Rg3+ 52. Kf4 Rg4+ 53. Ke5 1-0

[Event "Moscow Victory Day-C"]
[Site "Moscow"]
[Date "2011.05.13"]
[Round "4"]
[White "Rozanov, Pavel B"]
[Black "Arustamian, Artur"]
[Result "1-0"]
[WhiteElo "2276"]
[BlackElo "2426"]
[PlyCount "129"]
[EventDate "2011.05.10"]
[EventType "tourn"]
[EventRounds "13"]
[EventCountry "RUS"]
[EventCategory "2"]
[SourceTitle "EXT 2012"]
[Source "ChessBase"]
[SourceDate "2011.11.24"]
[SourceVersion "1"]
[SourceVersionDate "2011.11.24"]
[SourceQuality "1"]

1. d4 d5 2. c4 dxc4 3. e4 e5 4. Nf3 exd4 5. Bxc4 Nc6 6. 0-0 Be6 7. Bb5 Bc5 8. b4 Bb6 9. a4 a6 10. Bxc6+ bxc6 11. a5 Ba7 12. Bb2 Nf6 13. Bxd4 0-0 14. Nc3 Bxd4 15. Qxd4 Qe7 16. Ne5 Rfd8 17. Qc5 Qxc5 18. bxc5 Rd4 19. Rfd1 Rad8 20. f3 Kf8 21. Kf2 Ke8 22. Ke3 Rxd1 23. Rxd1 Nd7 24. Nxc6 Rc8 25. Kd4 Nb8 26. Nb4 Bd7 27. Ke3 Nc6 28. Nxa6 Nxa5 29. Nd5 Kd8 30. h4 Nc6 31. g4 Ne7 32. Rb1 Be6 33. Nxe7 Kxe7 34. Rb8 Rxb8 35. Nxb8 h6 36. Nc6+ Ke8 37. Nd4 Bc4 38. Nf5 Kf8 39. Kf4 Be2 40. Kg3 Bb5 41. Kf2 Ba4 42. Ke3 Bd1 43. g5 hxg5 44. hxg5 Ba4 45. Kd4 Bd7 46. Ke5 Be6 47. f4 Bb3 48. Kd4 Ba2 49. Ne3 Ke7 50. Nd5+ Kd7 51. c6+ Kd8 52. f5 Bb3 53. f6 gxf6 54. gxf6 Bd1 55. e5 Bg4 56. Kc5 Bf5 57. Ne7 Be6 58. Kb5 Bb3 59. Ka5 Bc4 60. Nf5 Ke8 61. Kb4 Bd3 62. Ng7+ Kf8 63. Kc5 Be4 64. e6 fxe6 65. Nxe6+ 1-0

[Event "Moscow Victory Day"]
[Site "Moscow"]
[Date "2011.05.02"]
[Round "4"]
[White "Arslanov, Shamil"]
[Black "Arustamian, Artur"]
[Result "1/2-1/2"]
[WhiteElo "2411"]
[BlackElo "2404"]
[PlyCount "128"]
[EventDate "2011.04.28"]
[EventType "tourn"]
[EventRounds "9"]
[EventCountry "RUS"]
[EventCategory "8"]
[SourceTitle "CBM 142 Extra"]
[Source "ChessBase"]
[SourceDate "2011.06.27"]
[SourceVersion "1"]
[SourceVersionDate "2011.06.27"]
[SourceQuality "1"]

1. e4 c5 2. c3 Nf6 3. e5 Nd5 4. Nf3 Nc6 5. Bc4 Nb6 6. Bb3 d5 7. exd6 exd6 8. d4 c4 9. Bc2 Bg4 10. 0-0 Be7 11. Bf4 d5 12. Nbd2 Bh5 13. Re1 0-0 14. b3 cxb3 15. axb3 Bg6 16. Ne5 Nxe5 17. Bxe5 Re8 18. Nf3 a5 19. Bxg6 hxg6 20. Qd3 Qd7 21. Bg3 Bf6 22. c4 Rxe1+ 23. Rxe1 dxc4 24. bxc4 a4 25. c5 Nd5 26. Ra1 b5 27. cxb6 Nxb6 28. Ne5 Bxe5 29. Bxe5 Qd5 30. h4 Nc4 31. Qg3 a3 32. Qb3 f6 33. Bd6 Qxd4 34. Rxa3 Rxa3 35. Bxa3 Qxh4 36. Bc5 Kh7 37. Qb7 Ne5 38. Bf8 Qh6 39. Qc7 Ng4 40. Bb4 Qh4 41. Qf4 Qh5 42. f3 Nh6 43. Qc7 Qd5 44. Bc3 Qe6 45. Bd2 g5 46. Qc2+ Kg8 47. Qc7 Nf5 48. Kf2 Qd5 49. Bc3 Qd3 50. Qc8+ Kh7 51. Kg1 Ne3 52. Kh2 Qd6+ 53. Kg1 Qd3 54. Kh2 Qc2 55. Qh3+ Kg6 56. Be1 Qd1 57. Bf2 Nf1+ 58. Kg1 Ne3+ 59. Kh2 g4 60. Qh4 Nf1+ 61. Kg1 Nd2+ 62. Kh2 Nf1+ 63. Kg1 Nd2+ 64. Kh2 Nf1+ 1/2-1/2

[Event "Moscow Victory Day"]
[Site "Moscow"]
[Date "2011.04.29"]
[Round "2"]
[White "Arustamian, Artur"]
[Black "Reshetnikov, Alexey"]
[Result "1/2-1/2"]
[WhiteElo "2404"]
[BlackElo "2487"]
[PlyCount "48"]
[EventDate "2011.04.28"]
[EventType "tourn"]
[EventRounds "9"]
[EventCountry "RUS"]
[EventCategory "8"]
[SourceTitle "CBM 142 Extra"]
[Source "ChessBase"]
[SourceDate "2011.06.27"]
[SourceVersion "1"]
[SourceVersionDate "2011.06.27"]
[SourceQuality "1"]

1. e4 c5 2. Nf3 Nc6 3. d4 cxd4 4. Nxd4 Nf6 5. Nc3 d6 6. Be2 g6 7. 0-0 Bg7 8. Be3 0-0 9. h3 Bd7 10. Nb3 a5 11. a4 Nb4 12. f4 Bc6 13. Bf3 Nd7 14. Nd4 e5 15. Nxc6 bxc6 16. Kh1 exf4 17. Bxf4 Ne5 18. Be2 Qb6 19. Qd2 Rad8 20. Rad1 Na6 21. Bxa6 Qxa6 22. b3 Rfe8 23. Bg5 Rd7 24. Bf6 Re6 1/2-1/2

[Event "Moscow IM"]
[Site "Moscow"]
[Date "2011.03.17"]
[Round "13"]
[White "Arustamian, Artur"]
[Black "Erzhanov, Arman"]
[Result "1/2-1/2"]
[WhiteElo "2404"]
[BlackElo "2376"]
[PlyCount "150"]
[EventDate "2011.02.25"]
[EventType "tourn"]
[EventRounds "13"]
[EventCountry "RUS"]
[EventCategory "4"]
[SourceTitle "EXT 2012"]
[Source "ChessBase"]
[SourceDate "2011.11.24"]
[SourceVersion "1"]
[SourceVersionDate "2011.11.24"]
[SourceQuality "1"]

1. d4 Nf6 2. c4 g6 3. Nc3 Bg7 4. e4 d6 5. Nf3 0-0 6. Be2 e5 7. 0-0 Nc6 8. d5 Ne7 9. a4 Nh5 10. a5 f5 11. Ng5 Nf4 12. Bxf4 exf4 13. Bf3 fxe4 14. Bxe4 Nf5 15. Ne6 Bxe6 16. dxe6 c6 17. a6 Nd4 18. Re1 Be5 19. Ne2 Nxe6 20. axb7 Rb8 21. Bxc6 Ng5 22. Nd4 Qf6 23. Nf3 Bxb2 24. Rxa7 Kh8 25. Ra8 Be5 26. Nxg5 Qxg5 27. Qf3 Qh4 28. h3 h5 29. Bd7 Qe7 30. Bc8 Qc7 31. Rxb8 Qxb8 32. Qc6 Kg7 33. Rd1 Rf7 34. Qa6 d5 35. Rxd5 f3 36. gxf3 Rxf3 37. Qe6 Bg3 38. Rd2 Qf4 39. b8Q Qxb8 40. fxg3 h4 41. gxh4 Qb1+ 42. Kh2 Qb8+ 43. Kg1 Qb1+ 44. Kh2 Qb8+ 45. Qd6 Qxc8 46. Qd7+ Qxd7 47. Rxd7+ Kf6 48. Rd6+ Kf5 49. Rd5+ Kf6 50. c5 Rc3 51. h5 g5 52. Rd6+ Kf7 53. c6 Kg7 54. Kg2 Kh7 55. Re6 Kg7 56. Rg6+ Kh7 57. Rd6 Kg7 58. h6+ Kh7 59. Re6 Kh8 60. Rg6 Kh7 61. Rd6 Rb3 62. Re6 Rc3 63. Rd6 Rb3 64. Rf6 Rc3 65. Re6 Rb3 66. Rd6 Rc3 67. Kf2 Rxh3 68. Ke2 g4 69. Kd2 Rh5 70. Ke3 Rc5 71. Kf4 Rc4+ 72. Kg3 Kh8 73. Kh4 Kh7 74. Re6 Kh8 75. Rf6 Kh7 1/2-1/2

[Event "Moscow IM"]
[Site "Moscow"]
[Date "2011.03.15"]
[Round "11"]
[White "Arustamian, Artur"]
[Black "Kunin, Vitaly L"]
[Result "1/2-1/2"]
[WhiteElo "2404"]
[BlackElo "2563"]
[PlyCount "65"]
[EventDate "2011.02.25"]
[EventType "tourn"]
[EventRounds "13"]
[EventCountry "RUS"]
[EventCategory "4"]
[SourceTitle "EXT 2012"]
[Source "ChessBase"]
[SourceDate "2011.11.24"]
[SourceVersion "1"]
[SourceVersionDate "2011.11.24"]
[SourceQuality "1"]

1. e4 d6 2. d4 Nf6 3. Nc3 Nbd7 4. Nf3 e5 5. Bc4 Be7 6. 0-0 0-0 7. Re1 c6 8. a4 Qc7 9. b3 h6 10. Bb2 Re8 11. h3 Nf8 12. Bf1 Ng6 13. g3 Nh7 14. Bg2 Ng5 15. Kh2 Nxf3+ 16. Bxf3 exd4 17. Qxd4 Bf6 18. Qd2 Be6 19. Nd1 Bxb2 20. Nxb2 Rad8 21. Nd3 d5 22. exd5 Nh4 23. Bh1 Bxd5 24. Rxe8+ Rxe8 25. Re1 Rxe1 26. Qxe1 Bxh1 27. Kxh1 Nf5 28. Qe8+ Kh7 29. Kg2 g6 30. h4 h5 31. b4 Nd4 32. Qe4 Ne6 33. Ne5 1/2-1/2

[Event "Moscow IM"]
[Site "Moscow"]
[Date "2011.03.13"]
[Round "9"]
[White "Arustamian, Artur"]
[Black "Lagashin, Pavel"]
[Result "1-0"]
[WhiteElo "2404"]
[BlackElo "2163"]
[PlyCount "113"]
[EventDate "2011.02.25"]
[EventType "tourn"]
[EventRounds "13"]
[EventCountry "RUS"]
[EventCategory "4"]
[SourceTitle "EXT 2012"]
[Source "ChessBase"]
[SourceDate "2011.11.24"]
[SourceVersion "1"]
[SourceVersionDate "2011.11.24"]
[SourceQuality "1"]

1. e4 c5 2. Nf3 Nc6 3. d4 cxd4 4. Nxd4 Nf6 5. Nc3 e5 6. Ndb5 d6 7. Bg5 a6 8. Na3 b5 9. Nd5 Be7 10. Bxf6 Bxf6 11. c3 Bg5 12. Nc2 Rb8 13. Be2 0-0 14. 0-0 Ne7 15. Ncb4 Bb7 16. Qd3 a5 17. Nxe7+ Qxe7 18. Nd5 Bxd5 19. Qxd5 Rfc8 20. Rad1 b4 21. cxb4 Rxb4 22. b3 Rc5 23. Qa8+ Qf8 24. Qxf8+ Kxf8 25. Bc4 Rb6 26. Rd3 g6 27. Rfd1 Ke7 28. Rf3 f5 29. exf5 e4 30. fxg6 exf3 31. g7 Rb8 32. g8Q Rxg8 33. Bxg8 fxg2 34. Bxh7 Bf4 35. Rd4 Be5 36. Rg4 d5 37. Kxg2 d4 38. Kf3 a4 39. bxa4 Rc4 40. h4 Rxa4 41. Bg8 Ra3+ 42. Bb3 Kf6 43. Ke4 Ra5 44. Rg5 Bc7 45. Rxa5 Bxa5 46. h5 Kg5 47. f4+ Kxh5 48. Kxd4 Bc7 49. f5 Kg5 50. Be6 Bd8 51. a4 Kf4 52. Kd5 Ke3 53. Kd6 Kd4 54. Kd7 Bh4 55. a5 Kc5 56. a6 Kb6 57. Bc4 1-0